Análisis y descripción del programa Foro Pyme Aduanero en los años 2020-2022 / (Registro nro. 18003)
[ vista simple ]
| 000 -CABECERA | |
|---|---|
| Campo de control de longitud fija | 02441nam a22002057a 4500 |
| 003 - IDENTIFICADOR DEL NÚMERO DE CONTROL | |
| Campo de control | AR-BaUME |
| 005 - FECHA Y HORA DE LA ÚLTIMA TRANSACCIÓN | |
| Campo de control | 20260310131329.0 |
| 008 - CÓDIGOS DE INFORMACIÓN DE LONGITUD FIJA | |
| Campo de control de longitud fija | 260310b ||||| |||| 00| 0 spa d |
| 040 ## - FUENTE DE LA CATALOGACIÓN | |
| Centro catalogador de origen | UMET Biblioteca |
| Lengua de catalogación | spa |
| Centro transcriptor | UMET Biblioteca |
| 100 ## - PUNTO DE ACCESO PRINCIPAL - NOMBRE DE PERSONA | |
| Nombre de persona | Zilber, Patrica |
| 9 (RLIN) | 27307 |
| 245 ## - MENCIÓN DE TÍTULO | |
| Título | Análisis y descripción del programa Foro Pyme Aduanero en los años 2020-2022 / |
| Mención de responsabilidad etc. | Patricia Zilber; tutor Sebastián Barbosa |
| 250 ## - MENCIÓN DE EDICIÓN | |
| Mención de edición | 1a ed. |
| 260 ## - PUBLICATION, DISTRIBUTION, ETC. (IMPRINT) | |
| Lugar de publicación distribución etc. | Ciudad de Buenos Aires : |
| Nombre del editor distribuidor etc. | UMET, |
| Fecha de publicación distribución etc. | 2025 |
| 300 ## - DESCRIPCIÓN FÍSICA | |
| Extensión | 135 p. : |
| 502 ## - NOTA DE TESIS | |
| Nota de tesis | Tesis (Licenciatura en Políticas Públicas y Gobierno) - |
| Nombre de la institución que otorga el título | Universidad Metropolitana para la Educación y el Trabajo, Ciudad de Buenos Aires, |
| Año de obtención del título | 2025. |
| 520 ## - NOTA DE SUMARIO; ETC. | |
| Sumario etc. | "Este Trabajo de Integración Final analiza el programa “Foro Pyme Aduanero” en los años 2020-2022, período en el que participé en la gestión del programa como organizadora. Nuestro propósito al analizar esta política busca mejorar los mecanismos del Estado para garantizar la participación del sector pyme en la hechura de políticas públicas, debido a la importancia del desarrollo del sector en el contexto socioeconómico del país, ya que las pymes constituyen una parte esencial del entramado productivo, en la generación de empleo y la promoción del desarrollo económico regional. Este trabajo no sólo busca contribuir al debate sobre la integración de las pymes dentro del comercio exterior en un contexto de globalización y cambios estructurales, sino que anhela ser una herramienta que nos permita diseñar mejores estrategias en el futuro y para ello se necesita conocer y revisar las políticas públicas implementadas en el pasado. El Foro Pyme Aduanero representó una política que invitaba al sector de las pequeñas y medianas empresas de todo el país a participar de espacios de diálogos con las máximas autoridades de la Dirección General de Aduanas, intentando así acercar el Estado al territorio. Por este motivo, analizar el Foro Pyme Aduanero y sus medidas resulta esencial para entender cómo esta política facilitó o limitó la integración de las pymes al comercio exterior, marcando una posición en una discusión que, durante mucho tiempo, y aún hoy más fuertemente, define el rol del Estado en la promoción del desarrollo económico." |
| Fuente proveedora | (resumen) |
| 700 ## - PUNTO DE ACCESO ADICIONAL - NOMBRE DE PERSONA | |
| 9 (RLIN) | 27295 |
| Nombre de persona | Barbosa, Sebastián |
| Término indicativo de función | tut. |
| 856 ## - LOCALIZACIÓN Y ACCESO ELECTRÓNICOS | |
| Identificador Uniforme del Recurso (URI) | https://forms.gle/Kw4PRVhcEaZfTaho8 |
| Nota pública | Solicitar acceso online |
| 942 ## - ENTRADA PARA ELEMENTOS AGREGADOS (KOHA) | |
| Fuente de clasificación o esquema de ordenación en estanterías | |
| Koha [por defecto] tipo de item | Tesis de Grado |
No hay ítems disponibles.



